Initiales de départements - Mort Subite - Statistiques

Statistiques générales
  • Ce quiz a été pris 134 fois
  • Le résultat moyen est 18 sur 20
Answers on the Grid
Answers color-coded by a green-red scale on the quiz's grid according to % correct below.
A
B
C
D
E
F
G
H
I
J
K
L
M
N
O
P
Q
R
S
T
U
V
W
X
Y
Z
 
Statistiques - réponses
Réponse % Correct
A
100%
C
100%
E
97%
G
97%
B
96%
D
96%
I
96%
F
95%
H
91%
L
91%
J
90%
M
90%
P
90%
N
89%
T
89%
R
88%
S
88%
V
86%
O
82%
Y
81%
Aucun quiz correspondant
Distribution des résultats
% des personnes avec chaque résultat
Percentile par nombre de réponses
Votre historique - résultats
Vous n’avez pas pris ce quiz